|
|
|
|
| LEADER |
01024nam a2200265 a 4500 |
| 001 |
6566 |
| 003 |
BD-DhAAL |
| 005 |
20150218114216.0 |
| 008 |
150218s2001 bg b 000 0 eng |
| 010 |
|
|
|a 2001294131
|
| 020 |
|
|
|z 9844330462
|
| 040 |
|
|
|a DLC
|c DLC
|d DLC
|d BD-DhAAL
|
| 050 |
0 |
0 |
|a HD6250.B362
|b K53 2001
|
| 082 |
0 |
0 |
|a 331.3/1/0954922
|2 21
|
| 100 |
1 |
|
|a Khan, Mohammad Ali,
|d 1957-
|9 8622
|
| 245 |
1 |
0 |
|a Child labour in Dhaka City /
|c Mohammad Ali Khan.
|
| 260 |
|
|
|a Dhaka :
|b Hakkani Publishers :
|b Distributor, Popular Publishers,
|c 2001.
|
| 300 |
|
|
|a 231 p. ;
|c 22 cm.
|
| 500 |
|
|
|a Originally presented as authors thesis (M. Phil.--Norwegian University of Science and Technology, 2000).
|
| 504 |
|
|
|a Includes bibliographical references (p. [222]-231).
|
| 541 |
|
|
|e 6566
|
| 650 |
|
0 |
|a Child labor
|z Bangladesh.
|9 8623
|
| 942 |
|
|
|2 ddc
|c BK
|
| 999 |
|
|
|c 33747
|d 33747
|
| 952 |
|
|
|0 0
|1 0
|2 ddc
|4 0
|6 331_310954922000000_KHA
|7 0
|9 52706
|a SCL
|b SCL
|c GEN
|d 2015-02-18
|g 220.00
|l 0
|o 331.310954922 KHA
|p 3020006566
|r 2015-02-18
|t 1
|w 2015-02-18
|y BK
|